| 000 | 01113nam a2200229 a 4500 | ||
|---|---|---|---|
| 008 | 120416s1989 ||||||||||||||||| || u | ||
| 020 | _a0394374223 | ||
| 050 | _aP 95 Hyb | ||
| 100 | _aWeaver, Richard L., 1941- | ||
| 245 | 1 | 0 | _aCommunicating effectively. (2nd ed.) |
| 250 | _a2nd ed. | ||
| 260 |
_aNew York : _bRandom House _c1989 |
||
| 300 | _axvi, 451p. : ill. | ||
| 350 | _a0.00 | ||
| 650 | 0 | _aORAL COMMUNICATION | |
| 650 | _aCOMMUNICATION | ||
| 700 | _aHybels, Saundra | ||
| 995 |
_aMAIN LIBRARY OPEN ACCESS _D0.00 _e725672 _FCBU-MAIN LIBRARY (Kitwe) _H4 _I53.00 _jP 95 Hyb _M2 _UAVAILABLE _y010445 _ZMain Library Open Access Collection |
||
| 995 |
_aMAIN LIBRARY OPEN ACCESS _D0.00 _e725670 _FCBU-MAIN LIBRARY (Kitwe) _H1 _I53.00 _jP 95 Hyb _M1 _UAVAILABLE _y010443 _ZMain Library Open Access Collection |
||
| 995 |
_aMAIN LIBRARY OPEN ACCESS _D0.00 _e725671 _FCBU-MAIN LIBRARY (Kitwe) _H2 _I53.00 _jP 95 Hyb _M3 _UAVAILABLE _y010446 _ZMain Library Open Access Collection |
||
| 995 |
_aMAIN LIBRARY OPEN ACCESS _D0.00 _e725668 _FCBU-MAIN LIBRARY (Kitwe) _H3 _I53.00 _jP 95 Hyb _M4 _ULOST _y010447 _ZMain Library Open Access Collection |
||
| 999 |
_c79529 _d79529 |
||